Todos os jogadores brasileiros que já jogaram um Major - Statistics

Estatísticas Gerais
  • Esse quiz foi jogado 25 vezes
    7 desde o último reset
  • A pontuação média é 99 de 160
Estatísticas das Respostas
Campeoanto Time Jogador % Correto
ESL Cologne 2015 Luminosity Gaming coldzera
100%
DreamHack Cluj-Napoca 2015 Luminosity Gaming coldzera
100%
MLG Columbus 2016 Luminosity Gaming coldzera
100%
ESL Cologne 2016 SK Gaming coldzera
100%
ELEAGUE Atlanta 2017 SK Gaming coldzera
100%
PGL Kraków 2017 SK Gaming coldzera
100%
ELEAGUE Boston 2018 SK Gaming coldzera
100%
FACEIT London 2018 MIBR coldzera
100%
IntelMasters Katowice 2019 MIBR coldzera
100%
IntelMasters Rio 2022 00 Nation coldzera
100%
PGL Copenhagen 2024 Legacy coldzera
100%
ESL Katowice 2015 Keyd Stars FalleN
100%
ESL Cologne 2015 Luminosity Gaming FalleN
100%
DreamHack Cluj-Napoca 2015 Luminosity Gaming FalleN
100%
MLG Columbus 2016 Luminosity Gaming FalleN
100%
ESL Cologne 2016 SK Gaming FalleN
100%
ELEAGUE Atlanta 2017 SK Gaming FalleN
100%
PGL Kraków 2017 SK Gaming FalleN
100%
ELEAGUE Boston 2018 SK Gaming FalleN
100%
FACEIT London 2018 MIBR FalleN
100%
IntelMasters Katowice 2019 MIBR FalleN
100%
StarLadder Berlin 2019 MIBR FalleN
100%
PGL Stockholm 2021 Team Liquid FalleN
100%
PGL Antwerp 2022 Imperial Esports FalleN
100%
IntelMasters Rio 2022 Imperial Esports FalleN
100%
PGL Copenhagen 2024 FÚRIA FalleN
100%
ESL Katowice 2015 Keyd Stars fer
100%
ESL Cologne 2015 Luminosity Gaming fer
100%
DreamHack Cluj-Napoca 2015 Luminosity Gaming fer
100%
MLG Columbus 2016 Luminosity Gaming fer
100%
ESL Cologne 2016 SK Gaming fer
100%
ELEAGUE Atlanta 2017 SK Gaming fer
100%
PGL Kraków 2017 SK Gaming fer
100%
ELEAGUE Boston 2018 SK Gaming fer
100%
FACEIT London 2018 MIBR fer
100%
IntelMasters Katowice 2019 MIBR fer
100%
StarLadder Berlin 2019 MIBR fer
100%
PGL Antwerp 2022 Imperial Esports fer
100%
IntelMasters Rio 2022 Imperial Esports fer
100%
MLG Columbus 2016 Luminosity Gaming fnx
100%
ESL Cologne 2016 SK Gaming fnx
100%
PGL Antwerp 2022 Imperial Esports fnx
100%
MLG Columbus 2016 Luminosity Gaming TACO
100%
ESL Cologne 2016 SK Gaming TACO
100%
ELEAGUE Atlanta 2017 SK Gaming TACO
100%
PGL Kraków 2017 SK Gaming TACO
100%
ELEAGUE Boston 2018 SK Gaming TACO
100%
FACEIT London 2018 Team Liquid TACO
100%
IntelMasters Katowice 2019 MIBR TACO
100%
StarLadder Berlin 2019 MIBR TACO
100%
PGL Stockholm 2021 GODSENT TACO
100%
IntelMasters Rio 2022 00 Nation TACO
100%
ESL Katowice 2015 Keyd Stars boltz
71%
ESL Cologne 2015 Luminosity Gaming boltz
71%
DreamHack Cluj-Napoca 2015 Luminosity Gaming boltz
71%
PGL Kraków 2017 Immortals boltz
71%
PGL Antwerp 2022 Imperial Esports boltz
71%
IntelMasters Rio 2022 Imperial Esports boltz
71%
PGL Kraków 2017 SK Gaming Felps
71%
ELEAGUE Boston 2018 SK Gaming felps
71%
IntelMasters Katowice 2019 MIBR felps
71%
PGL Stockholm 2021 GODSENT felps
71%
BLAST.tv Paris 2023 Fluxo felps
71%
PGL Copenhagen 2024 Imperial Esports felps
71%
PGL Kraków 2017 Immortals HEN1
71%
PGL Copenhagen 2024 Imperial Esports HEN1
71%
IntelMasters Katowice 2019 FÚRIA KSCERATO
71%
StarLadder Berlin 2019 FÚRIA KSCERATO
71%
PGL Stockholm 2021 FÚRIA KSCERATO
71%
PGL Antwerp 2022 FÚRIA KSCERATO
71%
IntelMasters Rio 2022 FÚRIA KSCERATO
71%
BLAST.tv Paris 2023 FÚRIA KSCERATO
71%
PGL Copenhagen 2024 FÚRIA KSCERATO
71%
PGL Kraków 2017 Immortals LUCAS1
71%
StarLadder Berlin 2019 MIBR LUCAS1
71%
IntelMasters Katowice 2019 FÚRIA arT
57%
StarLadder Berlin 2019 FÚRIA arT
57%
PGL Stockholm 2021 FÚRIA arT
57%
PGL Antwerp 2022 FÚRIA arT
57%
IntelMasters Rio 2022 FÚRIA arT
57%
BLAST.tv Paris 2023 FÚRIA arT
57%
PGL Copenhagen 2024 FÚRIA arT
57%
PGL Stockholm 2021 paiN Gaming biguzera
57%
BLAST.tv Paris 2023 paiN Gaming biguzera
57%
PGL Copenhagen 2024 paiN Gaming biguzera
57%
PGL Stockholm 2021 paiN Gaming saffee
57%
PGL Antwerp 2022 FÚRIA saffee
57%
IntelMasters Rio 2022 FÚRIA saffee
57%
BLAST.tv Paris 2023 FÚRIA saffee
57%
IntelMasters Katowice 2019 FÚRIA VINI
57%
StarLadder Berlin 2019 FÚRIA VINI
57%
PGL Stockholm 2021 FÚRIA VINI
57%
PGL Antwerp 2022 Imperial Esports VINI
57%
IntelMasters Rio 2022 Imperial Esports VINI
57%
PGL Copenhagen 2024 Imperial Esports VINI
57%
IntelMasters Katowice 2019 FÚRIA yuurih
57%
StarLadder Berlin 2019 FÚRIA yuurih
57%
PGL Stockholm 2021 FÚRIA yuurih
57%
PGL Antwerp 2022 FÚRIA yuurih
57%
IntelMasters Rio 2022 FÚRIA yuurih
57%
BLAST.tv Paris 2023 FÚRIA yuurih
57%
PGL Copenhagen 2024 FÚRIA yuurih
57%
StarLadder Berlin 2019 INTZ eSports chelo
43%
PGL Antwerp 2022 MIBR chelo
43%
IntelMasters Rio 2022 Imperial Esports chelo
43%
PGL Copenhagen 2024 FÚRIA chelo
43%
PGL Stockholm 2021 FÚRIA drop
43%
PGL Antwerp 2022 FÚRIA drop
43%
IntelMasters Rio 2022 FÚRIA drop
43%
BLAST.tv Paris 2023 FÚRIA drop
43%
PGL Stockholm 2021 GODSENT dumau
43%
IntelMasters Rio 2022 00 Nation dumau
43%
PGL Copenhagen 2024 Legacy dumau
43%
PGL Copenhagen 2024 paiN Gaming kauez
43%
PGL Stockholm 2021 GODSENT latto
43%
IntelMasters Rio 2022 00 Nation latto
43%
PGL Copenhagen 2024 Legacy latto
43%
PGL Copenhagen 2024 paiN Gaming lux
43%
PGL Copenhagen 2024 Imperial Esports noway
43%
BLAST.tv Paris 2023 paiN Gaming skullz
43%
ELEAGUE Boston 2018 Team Liquid zews
43%
StarLadder Berlin 2019 MIBR zews
43%
PGL Stockholm 2021 GODSENT b4rtin
29%
PGL Copenhagen 2024 Legacy b4rtin
29%
PGL Copenhagen 2024 Imperial Esports decenty
29%
PGL Stockholm 2021 paiN Gaming hardzao
29%
BLAST.tv Paris 2023 paiN Gaming hardzao
29%
PGL Kraków 2017 Immortals kngv
29%
StarLadder Berlin 2019 INTZ eSports kNgV
29%
PGL Copenhagen 2024 paiN Gaming n1ssim
29%
PGL Stockholm 2021 paiN Gaming NEKIZ
29%
BLAST.tv Paris 2023 paiN Gaming NEKIZ
29%
PGL Copenhagen 2024 Legacy NEKIZ
29%
IntelMasters Rio 2022 9z Team nqz
29%
PGL Copenhagen 2024 paiN Gaming nqz
29%
ESL Katowice 2015 Keyd Stars steel
29%
ESL Cologne 2015 Luminosity Gaming steel
29%
DreamHack Cluj-Napoca 2015 Luminosity Gaming steel
29%
PGL Kraków 2017 Immortals steel
29%
BLAST.tv Paris 2023 Fluxo vsm
29%
IntelMasters Katowice 2019 FÚRIA ablej
14%
StarLadder Berlin 2019 FÚRIA ablej
14%
PGL Antwerp 2022 MIBR exit
14%
BLAST.tv Paris 2023 Fluxo history
14%
PGL Antwerp 2022 MIBR JOTA
14%
BLAST.tv Paris 2023 Fluxo Lucaozy
14%
PGL Antwerp 2022 MIBR Tuurtle
14%
PGL Antwerp 2022 MIBR WOOD7
14%
BLAST.tv Paris 2023 Fluxo WOOD7
14%
PGL Stockholm 2021 Sharks Esports zevy
14%
BLAST.tv Paris 2023 paiN Gaming zevy
14%
ESL Katowice 2015 Keyd Stars zqk
14%
StarLadder Berlin 2019 INTZ eSports DeStiNy
0%
PGL Stockholm 2021 Sharks Esports jnt
0%
PGL Stockholm 2021 Sharks Esports Lucaozy
0%
PGL Stockholm 2021 Sharks Esports pancc
0%
PGL Stockholm 2021 paiN Gaming pkl
0%
PGL Stockholm 2021 Sharks Esports realziN
0%
StarLadder Berlin 2019 INTZ eSports xand
0%
StarLadder Berlin 2019 INTZ eSports yel
0%
Nenhum quiz correspondente encontrado
Distribuição das Pontuações
Porcentagem de Pessoas com Cada Pontuação
Percentil de Números Respondidos
Sua Pontuação Histórica
Você não jogou esse quiz desde o último reset